000 00468nam a2200181Ia 4500
001 8708
005 20260306160629.0
008 260306t2006||||xx |||||||||||||| ||spa||
041 _aESP
082 _a371.3
_bH44
100 _aHernández Forte, Virgilio
_eAUT
245 0 _aMapas conceptuales :
_bla gestión del conocimiento en la didáctica
260 _c2006
300 _a296 páginas :
_c23 cm.
650 _aGEN
654 _aCED
942 _cLIB
_dJUS
_fJUS
_2ddc
_n
999 _c8708
_d8708